Biology : (Record no. 182666)
[ view plain ]
| 000 -LEADER | |
|---|---|
| fixed length control field | 00842 a2200217 4500 |
| 003 - CONTROL NUMBER IDENTIFIER | |
| control field | Nust |
| 005 - DATE AND TIME OF LATEST TRANSACTION | |
| control field | 20221013113208.0 |
| 010 ## - LIBRARY OF CONGRESS CONTROL NUMBER | |
| LC control number | 77017161 |
| 020 ## - INTERNATIONAL STANDARD BOOK NUMBER | |
| International Standard Book Number | 0534005403 |
| 040 ## - CATALOGING SOURCE | |
| Transcribing agency | Nust |
| 082 00 - DEWEY DECIMAL CLASSIFICATION NUMBER | |
| Classification number | 574,KIR |
| 100 1# - MAIN ENTRY--PERSONAL NAME | |
| Personal name | Kirk, David L., |
| 9 (RLIN) | 100098 |
| 245 10 - TITLE STATEMENT | |
| Title | Biology : |
| Remainder of title | the unity and diversity of life / |
| Statement of responsibility, etc. | David Kirk, Ralph Taggart, Cecie Starr. |
| 260 ## - PUBLICATION, DISTRIBUTION, ETC. | |
| Place of publication, distribution, etc. | Belmont, Calif. : |
| Name of publisher, distributor, etc. | Wadsworth Pub. Co., |
| Date of publication, distribution, etc. | c1978. |
| 300 ## - PHYSICAL DESCRIPTION | |
| Extent | xii, 420 p. : |
| Other physical details | ill. ; |
| Dimensions | 26 cm. |
| 505 ## - FORMATTED CONTENTS NOTE | |
| Formatted contents note | Principles Underlying the Diversity of Life (Page-3), The Shared Heritage of Life (Page-55), Complex Plans for Survival (Page-131), Adaptations in form and Function Organisms Evolving (Page-237), Life in a Changing Environment (Page-309). |
| 650 #0 - SUBJECT ADDED ENTRY--TOPICAL TERM | |
| Topical term or geographic name entry element | Biology. |
| 9 (RLIN) | 1785 |
| 700 1# - ADDED ENTRY--PERSONAL NAME | |
| Personal name | Starr, Cecie, |
| 9 (RLIN) | 100099 |
| 700 1# - ADDED ENTRY--PERSONAL NAME | |
| Personal name | Taggart, Ralph, |
| 9 (RLIN) | 100100 |
| 942 ## - ADDED ENTRY ELEMENTS (KOHA) | |
| Source of classification or shelving scheme | |
| Koha item type | Book |
| Withdrawn status | Lost status | Source of classification or shelving scheme | Damaged status | Not for loan | Permanent Location | Current Location | Shelving location | Date acquired | Full call number | Barcode | Date last seen | Price effective from | Koha item type | Public note |
|---|---|---|---|---|---|---|---|---|---|---|---|---|---|---|
| Military College of Signals (MCS) | Military College of Signals (MCS) | General Stacks | 12/12/2016 | 574,KIR | MCS20853 | 12/08/2016 | 12/12/2016 | Book | Almirah No.25, Shelf No.6 |
